|
|
|
|
| LEADER |
00000nam a22000007a 4500 |
| 005 |
20200312224532.0 |
| 007 |
cr|||| |||| |
| 008 |
200312s2018 es |||||s|||| 00||0 spa d |
| 020 |
|
|
|a 978-84-9123-782-2
|
| 035 |
|
|
|a 31297
|
| 040 |
|
|
|a vLex
|
| 090 |
|
|
|c 10251
|d 10251
|
| 100 |
1 |
|
|a Gascn̤ Inchausti, Fernando
|
| 245 |
1 |
0 |
|a Derecho europeo y legislacin̤ procesal civil nacional
|h [Recurso electrn̤ico] :
|b entre autonoma̕ y armonizacin̤ /
|c Fernando Gascn̤ Inchausti
|
| 256 |
|
|
|a Servicio en ln̕ea
|
| 260 |
|
|
|a Madrid:
|b Marcial Pons,
|c 2018
|
| 300 |
|
|
|a 1 recurso electrn̤ico
|
| 506 |
1 |
|
|a Disponible solo en los productos indicados
|d vLex Global
|d vLex Global (Academic Edition, excluding Law Schools)
|d vLex Global (U.S. Academic Edition, Law Schools)
|d vLex Global (U.S. Academic Edition, excluding Law Schools)
|d vLex Global (Academic Edition, Law Schools)
|
| 650 |
0 |
4 |
|a Procedimiento Civil
|z Espaą
|
| 740 |
0 |
|
|a vLex Libros (Servicio en ln̕ea)
|
| 856 |
4 |
0 |
|u http://vlex.com/source/derecho-europeo-legislacion-procesal-civil-nacional-autonomia-armonizacion-31297
|z Acceso restringido
|
| 942 |
|
|
|c BOOK
|
| 999 |
0 |
|
|a Civil Procedure
|